Welcome to the Holygrace Academy Library

Please use search bar below to get started

HINDU GODS AND GODDESSES (Record no. 4791)

MARC details
000 -LEADER
fixed length control field 00304nam a22001337a 4500
020 ## - INTERNATIONAL STANDARD BOOK NUMBER
ISBN 978-93-5275-175-4
082 ## - DEWEY DECIMAL CLASSIFICATION NUMBER
Classification number 823
Item number AGA/S
100 ## - MAIN ENTRY--AUTHOR NAME
Personal name AGARWAL DEEPA
245 ## - TITLE STATEMENT
Title HINDU GODS AND GODDESSES
260 ## - PUBLICATION, DISTRIBUTION, ETC. (IMPRINT)
Place of publication GURGAON
Name of publisher SCOLASTIC INDIA
Year of publication 2017
300 ## - PHYSICAL DESCRIPTION
Number of Pages 143
650 ## - SUBJECT ADDED ENTRY--TOPICAL TERM
Topical Term SPIRITUAL
Geographic subdivision INDIA
942 ## - ADDED ENTRY ELEMENTS (KOHA)
Koha item type Books
Holdings
Withdrawn status Lost status Collection code Home library Current library Shelving location Date acquired Source of acquisition Cost, normal purchase price Full call number Accession Number Koha item type
    Non-fiction Main Library Main Library SHELF 15B-U,V,W SECTION NOVELS& FICTION 18/10/2018 purchase 399.00 823 AGA/S 10287 Books